000 00630nam a22002297a 4500
003 UA-OsUOA
001 39052
007 ta
008 20080304b un ||||| |||| 00| 0 ukr d
100 _aМіхновський М.
090 _a09/94(477)
_bМ71
942 _cBR
040 _aUA-OsUOA
_bukr
_cUA-OsUOA
_dUA-OsUOA
245 _aСамостійна Україна
_bз передмовою Ю. Колларда
300 _a30 с.
955 _a1
041 _aukr
080 _a09/94(477)
260 _b"Український патріот"
_c1948
650 7 _a0 Загальний відділ.
_2UDC
999 _c437562
_d437562